Logo BPK

Biblioteka

Politechniki Koszalińskiej

Ökologische chemie : (Rekord nr 20437)

Szczegóły MARC
000 -ETYKIETA REKORDU
podpole kontrolne o stałej długości 00490nam a2200157 i 4500
001 - NUMER KONTROLNY REKORDU
pole kontrolne bg
040 ## - ŹRÓDŁO KATALOGOWANIA
Instytucja, która utworzyła rekord BPK
041 ## - KOD JĘZYKA
Kod języka tekstu pol
080 ## - UNIWERSALNA KLASYFIKACJA DZIESIĘTNA - UKD
UKD 54:504
008 - POLE O STAŁEJ DŁUGOŚCI - DANE KONTROLNE
podpole kontrolne o stałej długości s pl f |000 0 pol
245 #0 - TYTUŁ/ODPOWIEDZIALNOŚĆ
Tytuł Ökologische chemie :
Ciąg dalszy tytułu Grundlagen und Konzepte für die ökologische Beurteilung von Chemikalien /
Pozostałe elementy strefy tytułu i oznaczenia odpowiedzialności hrsg. von Friedhelm Korte [et al.].
260 ## - STREFA ADRESU WYDAWNICZEGO
Nazwa wydawcy/dystrybutora Georg Thieme,
Data publikacji, dystrybucji/powstania dokumentu 1980. 9
650 ## - HASŁO PRZEDMIOTOWE W FORMIE NAZWY OGÓLNEJ LUB JEDNOSTKOWEJ
Określnik ogólny związki
-- wpływ na środowisko
700 1# - HASŁO DODATKOWE - NAZWA OSOBOWA
Nazwa osobowa KORTE, Friedhelm.
Określenie związku między hasłem a opisywanym materiałem Oprac.
856 ## - LOKALIZACJA I DOSTĘP DO ELEKTRONICZNYCH DOKUMENTÓW ZDALNYCH
Link (URL) http://koha.tu.koszalin.pl/cgi-bin/koha/opac-detail.pl?biblionumber=20437
Tekst linku Katalog online BPK
942 ## - DODATKOWE ELEMENTY (KOHA)
Typ dokumentu Książka
Egzemplarze
Wycofany Status egzemplarza Uszkodzony Dostępność Lokalizacja stała Lokalizacja bieżąca Miejsce przechowywania Sygnatura Kod kreskowy Typ dokumentu
      Dostępny Biblioteka Politechniki Koszalińskiej Biblioteka Politechniki Koszalińskiej Wypożyczalnia BG 28792 01961751 Książka
© 2023 Biblioteka Politechniki Koszalińskiej :: KOHA